000 00329nam a2200133Ia 4500
100 _aColley/ J.L. Jr./ Landel/ R.D.
942 _cBK
654 _aOperations planning & control.
245 _aOperations planning & control
260 _bHolden Day
_aSanFracisco
_c1978
082 _a658.401
300 _a308
546 _aENGLISH
999 _c23045
_d23045